Csalódás

Bibliographic Details
Main Author: Duba, Gyula, 1930-2024 (Author)
Format: Article
Language:Hungarian
Slovak
Subjects:

MARC

LEADER 00000nab a2200000 a 4500
001 vtls000860405
003 SK-MaSNL
005 20260303222004.0
008 160314c2003 xo 0 hun
015 |a SNBRB2004/01-02388 
035 |a CLN000212016 
040 |a SNKBUCL  |b slo  |c SNKBUCL  |e AACR2 
041 0 |a slo 
044 |a xo  |c SK 
080 |a 821.511.141 (437.6)-32=511.141  |2 UDC-MRF-SK2 
100 1 |a Duba, Gyula,  |d 1930-2024  |4 aut  |9 100813 
245 1 0 |a Csalódás  |c Duba Gyula 
650 0 7 |a psychologické poviedky, maďarské  |2 snkbucl  |9 71096 
773 0 |t Irodalmi szemle  |g Roč. 46, č. 12 (2003), s. 11-22 
850 |a Slovenská národná knižnica v Martine 
852 |a SNK  |b KIS3GCP 
958 |a SK 
958 |a HU 
958 |a LX 
958 |a RBX 
999 |c 2237455  |d 2239385